LIBRARY & INFORMATION CENTRE, KCAET, TAVANUR

ONLINE PUBLIC ACCESS CATALOGUE (OPAC)

Kerala: Development report (Record no. 13809)

MARC details
000 -LEADER
fixed length control field 00263nam a22001097a 4500
082 ## - DEWEY DECIMAL CLASSIFICATION NUMBER
Classification number 028.703
Item number PLA/KE
245 ## - TITLE STATEMENT
Title Kerala: Development report
260 ## - PUBLICATION, DISTRIBUTION, ETC. (IMPRINT)
Place of publication New Delhi
Name of publisher Academic Foundation
Year of publication 2008
300 ## - PHYSICAL DESCRIPTION
Number of Pages 476
700 ## - ADDED ENTRY--PERSONAL NAME
Personal name Planning Commission,GOI
942 ## - ADDED ENTRY ELEMENTS (KOHA)
Koha item type Books
Holdings
Withdrawn status Lost status Damaged status Collection code Home library Current library Shelving location Date acquired Full call number Accession Number Koha item type
      Non-fiction KAUAET KAUAET Reference 25/03/2012 028.703 PLA/KE 22223 Reference
free website counter